Tolley`s VAT on construction, land and property (Record no. 93461)

MARC details
000 -LEADER
fixed length control field 00598cam a2200217 4500
008 - FIXED-LENGTH DATA ELEMENTS--GENERAL INFORMATION
fixed length control field 090401t1989 xxu||||| |||| 00| 0 eng d
020 ## - INTERNATIONAL STANDARD BOOK NUMBER
International Standard Book Number 0854594248
035 ## - SYSTEM CONTROL NUMBER
System control number (Sirsi) u54379
041 ## - LANGUAGE CODE
Language code of text/sound track or separate title eng
050 ## - LIBRARY OF CONGRESS CALL NUMBER
Classification number 336.271
100 ## - MAIN ENTRY--PERSONAL NAME
Personal name Buckett, A.D.
245 ## - TITLE STATEMENT
Title Tolley`s VAT on construction, land and property
260 ## - PUBLICATION, DISTRIBUTION, ETC.
Place of publication, distribution, etc. Croydon
Name of publisher, distributor, etc. Tolley Publishing Company Limited
Date of publication, distribution, etc. 1989
300 ## - PHYSICAL DESCRIPTION
Extent vi,156p. ; 23cm.
350 ## - PRICE (NR) (BK AM CF MU VM SE) [OBSOLETE]
Price 16.95
520 ## - SUMMARY, ETC.
Summary, etc. The author is a partner in BDO Binder Hamlyn .
650 ## - SUBJECT ADDED ENTRY--TOPICAL TERM
Topical term or geographic name entry element BUILDING INDUSTRY
650 ## - SUBJECT ADDED ENTRY--TOPICAL TERM
Topical term or geographic name entry element VALUE ADDED TAX
942 ## - ADDED ENTRY ELEMENTS (KOHA)
Suppress in OPAC 0
948 ## - LOCAL PROCESSING INFORMATION (OCLC); SERIES PART DESIGNATOR (RLIN)
c (OCLC) 04/03/1997
Holdings
Withdrawn status Lost status Source of classification or shelving scheme Damaged status Not for loan Home library Current library Shelving location Date acquired Cost, normal purchase price Total Checkouts Full call number Barcode Date last seen Copy number Cost, replacement price Price effective from Koha item type
    Dewey Decimal Classification     London London Basement 14/09/1999 16.95   SHELF 314 30008008 06/08/2019 1 16.95 06/08/2019 Book